00710cam a2200217 a 4500001000400000003001000004005001700014008004100031020001800072040002500090080002500115100002000140245014700160260003800307300002700345504002500372650001800397650002400415650002400439650002900463308BR-CuiBMT20231024212044.0230929s2021 mgba 000 0 por d a9786555181876 aBR-CuiBMTcBR-CuiBMT 22007a347.51:614.2531 aRivera, Marcelo12aA responsabilidade civil objetiva das operadoras de planos de saúde por erro médico :bmitigação da teoria objetiva /cMarcelo Rivera. aBelo Horizonte :bFórum,c2011. a180 p. :bil. ;c22 cm aInclui bibliografia. aDireito civil aDireito à saúde aDireito empresarial aDireito processual civil